No Sales Tax States Quiz Stats

 Plays Quiz Updated Nov 12, 2018

Support Sporcle.
Go Orange.
Score 0/5 Timer 01:00
2 Plays Today
State % Correct
Alaska
57.4%
Oregon
48.8%
Montana
46.2%
New Hampshire
46.2%
Delaware
46.1%

From the Vault

23rd Psalm Click-a-long

by skuban

This one'll take you all the way back to Sunday school.
Remove Ads.
Support Sporcle.
Get the best of Sporcle when you Go Orange. This ad-free experience offers more features, more stats, and more fun while also helping to support Sporcle. Thank you for becoming a member.

Show Comments

Extras

Top Quizzes Today


Score Distribution

Your Account Isn't Verified!

In order to create a playlist on Sporcle, you need to verify the email address you used during registration. Go to your Sporcle Settings to finish the process.

Report this User

Report this user for behavior that violates our Community Guidelines.

Details: